1367 1929 1504 1729 1045 1777 1591 1810 1294 1181 1469 1859 1653 1093 1243 1388 1462 1819 1081 1557 1830 1767 1688 1329 1064 1743 1473 1155 1465 1365 1494 1320 1069 1922 1687 1278 1812 1939 1621 1480 1777 1218 1826 1376 1624 1999 1495 1074 1458 1715 1475 1662 1037 1787 1867 1343 1490 1894 1937 1606 1012 1679 1924 1070 1751 1525 1778 1513 1787 1472 1566 1297 1377 1372 1462 1874 1583 1982 1306 1887 1837 1283 1599 1429 1095 1039 1716 1719 1529 1406 1069 1465 1832 1157 1498 1195 1456 1950 1274 BCNSPRNW ULIB Ver.6.0+V

เปลี่ยนเป็นภาษาไทย

Change to English
 แสดงรายละเอียดบรรณานุกรม
  กลับหน้าหลัก

Brief Record : Get Marc (ISO 2709) : E-mail record : QR code < ปิดหน้าต่าง
LEADER : 00000nam 2200000uu 4500
001    13399120844
003     ULIB
008    020711s2551 th a 000 0 tha d
020    9789744518262
050    BQ4570^bธ321ก
100    ธนากิต
245    ใกล้ชิดสนิทธรรม/^cธนากิต
250    พิมพ์ครั้งที่ 1
260    กรุงเทพฯ :^bชมรมเด็ก,^c2551
300    312 หน้า
945    ^p0^l0^i17706
999    ^aทศพร เกษรทอง
รายการนี้ยังไม่มีแท็ก
คุณยังไม่ได้ล็อกอิน คุณสามารถมีกิจกรรมร่วมกับเว็บไซต์ได้ แต่ต้องล็อกอินก่อน ::
  ล็อกอิน

รายการสื่อสารสนเทศ

ลำดับที่ ประเภท เลขเรียก/บาร์โค้ด สถานที่ สถานะ
1. วิทยาศาสตร์การแพทย์ และสุขภาพ
วิทยาศาสตร์การแพทย์ และสุขภาพ
BQ4570 ธ321ก  
  Barcode: 17706
ห้องสมุดวิทยาเขตสวรรค์ประชารักษ์
►หนังสือทั่วไป
บนชั้น

รายการใกล้เคียง
    ผู้แต่ง [ธนากิต]

BibComment


ยังไม่เคยถูกคอมเมนท์

คอมเมนท์ทรัพยากรรายการนี้
  คอมเมนท์: ใกล้ชิดสนิทธรรม ธ..


 Copyright 2026. Bcnsprnw @Library